| 000 | 00519nam a22002417a 4500 | ||
|---|---|---|---|
| 003 | UA-OsUOA | ||
| 001 | 24852 | ||
| 007 | ta | ||
| 008 | 20040303b un ||||| |||| 00| 0 ukr d | ||
| 090 |
_a342.7 _bЯ44 |
||
| 942 | _cBK | ||
| 040 |
_aUA-OsUOA _bukr _cUA-OsUOA _dUA-OsUOA |
||
| 245 | _aЯк оформити пенсію? | ||
| 300 | _a35 с. | ||
| 955 | _a0 | ||
| 041 | _aukr | ||
| 080 | _a342.7 | ||
| 020 | _a966-95537-4-1 | ||
| 260 |
_aКиїв _c1999 |
||
| 044 | _aUA | ||
| 650 | 7 | _2UDC | |
| 999 |
_c311138 _d311138 |
||